000 00299nam a22001337a 4500
008 171017b xxu||||| |||| 00| 0 eng d
020 _a9780137253838
041 _aeng
080 _22ND
_a338
100 _a53
101 _aMEN
245 _aPRODUCTIVITY MANAGEMENT
_cPLUMMER,D.H
942 _2udc
_cBK
999 _c34521
_d34521